00958nam a2200157Ia 4500008004100000020001800041050002500059245008800084260003000172300001100202440002000213500005400233505026100287650007400548700017800622121028s9999 xx 000 0 und d a84-7030-693-6 aBF724.55A35 Q84 1999 aQué es la psicología de la vejez / Rocío Fernández-Ballesteros... [et. al.] aMadrid : Biblioteca Nueva a229 p. aQué es... ; 1 aIncluye referencias bibliográficas (p. 219-229) aIntroducción 1. Aspectos básicos en el estudio psicológico de la vejez y el envejecimiento 2. El aprendizaje y la memoria 3. La inteligencia 4. La afectividad y la personalidad 5. Las relaciones interpersonales 6. La psicopatología 7. La felicidad  aAncianos - psicología \ 2. Envejecimiento - Aspectos psicológicos aI. Fernández-Ballesteros, Rocío, coaut. \ II. Moya Fresneda, Rosa, coaut. \ III. Iñiguez Martínez, Julio, coaut. \ IV. Zamarrón, María Dolores, coaut. \ V. t.Ì